000 00636nam a2200277Ia 4500
005 20260324144959.0
008 008 260324s9999 xx 000 0 eng d
020 _a9780203138274
037 _aEBOOK
040 _aCRL
040 _beng
040 _cCRL
041 _2eng
041 _aeng
084 _qCRL
100 _aRichard Smith
_91178033
245 0 _aFreedom and Discipline (RLE Edu K)
260 _bTaylor and Francis
260 _c1985
365 _a
365 _b220
856 _uhttp://www.taylorfrancis.com/books/9780203138274
942 _cEBOOK
999 _c1828608
_d1828608